| 000 | 00451nam a22001457a 4500 | ||
|---|---|---|---|
| 005 | 20230715194157.0 | ||
| 008 | 230715b |||||||| |||| 00| 0 eng d | ||
| 020 | _a9789390529124 (hbk) | ||
| 082 | _a346.0926 | ||
| 245 |
_aCyril amarchand mangaldas's treatise on securities law / _cEdited by Shroff, Cyril and Singh U.K |
||
| 260 |
_aGurgaon _bThomson Reuters _c2021 |
||
| 300 |
_axlvii, 765 pages _c24 cm |
||
| 365 | _bRs. 1650.00 | ||
| 942 |
_2ddc _cBK |
||
| 999 |
_c211967 _d211967 |
||